<?xml version="1.0" encoding="UTF-8"?>
<collection xmlns="http://www.loc.gov/MARC21/slim">
 <record>
  <leader>05189cam a2200853 c 4500</leader>
  <controlfield tag="001">326156070</controlfield>
  <controlfield tag="003">DE-627</controlfield>
  <controlfield tag="005">20250225180034.0</controlfield>
  <controlfield tag="007">tu</controlfield>
  <controlfield tag="008">010307s2001    gw ||||| m    00| ||ger c</controlfield>
  <datafield tag="015" ind1=" " ind2=" ">
   <subfield code="a">01,N12,0744</subfield>
   <subfield code="2">dnb</subfield>
  </datafield>
  <datafield tag="015" ind1=" " ind2=" ">
   <subfield code="a">02,A08,1634</subfield>
   <subfield code="2">dnb</subfield>
  </datafield>
  <datafield tag="016" ind1="7" ind2=" ">
   <subfield code="a">960916830</subfield>
   <subfield code="2">DE-101</subfield>
  </datafield>
  <datafield tag="020" ind1=" " ind2=" ">
   <subfield code="a">3775813934</subfield>
   <subfield code="c">Gewebe : DM 49.00, sfr 45.60, S 339.50</subfield>
   <subfield code="9">3-7758-1393-4</subfield>
  </datafield>
  <datafield tag="035" ind1=" " ind2=" ">
   <subfield code="a">(DE-627)326156070</subfield>
  </datafield>
  <datafield tag="035" ind1=" " ind2=" ">
   <subfield code="a">(DE-576)090379160</subfield>
  </datafield>
  <datafield tag="035" ind1=" " ind2=" ">
   <subfield code="a">(DE-599)GBV326156070</subfield>
  </datafield>
  <datafield tag="035" ind1=" " ind2=" ">
   <subfield code="a">(OCoLC)248425224</subfield>
  </datafield>
  <datafield tag="035" ind1=" " ind2=" ">
   <subfield code="a">(OCoLC)47327740</subfield>
  </datafield>
  <datafield tag="035" ind1=" " ind2=" ">
   <subfield code="a">(OCoLC)890206162</subfield>
  </datafield>
  <datafield tag="040" ind1=" " ind2=" ">
   <subfield code="a">DE-627</subfield>
   <subfield code="b">ger</subfield>
   <subfield code="c">DE-627</subfield>
   <subfield code="e">rakwb</subfield>
  </datafield>
  <datafield tag="041" ind1=" " ind2=" ">
   <subfield code="a">ger</subfield>
  </datafield>
  <datafield tag="044" ind1=" " ind2=" ">
   <subfield code="c">XA-DE</subfield>
   <subfield code="c">XA-DE-RP</subfield>
  </datafield>
  <datafield tag="050" ind1=" " ind2="0">
   <subfield code="a">JN3971.A98K6</subfield>
  </datafield>
  <datafield tag="082" ind1="0" ind2=" ">
   <subfield code="a">909</subfield>
   <subfield code="q">BSZ</subfield>
  </datafield>
  <datafield tag="084" ind1=" " ind2=" ">
   <subfield code="a">63</subfield>
   <subfield code="2">sdnb</subfield>
  </datafield>
  <datafield tag="084" ind1=" " ind2=" ">
   <subfield code="a">8,1</subfield>
   <subfield code="2">ssgn</subfield>
  </datafield>
  <datafield tag="084" ind1=" " ind2=" ">
   <subfield code="a">NK 6815</subfield>
   <subfield code="q">BVB</subfield>
   <subfield code="2">rvk</subfield>
   <subfield code="0">(DE-625)rvk/126139:</subfield>
  </datafield>
  <datafield tag="084" ind1=" " ind2=" ">
   <subfield code="a">NR 2150</subfield>
   <subfield code="2">rvk</subfield>
   <subfield code="0">(DE-625)rvk/129189:</subfield>
  </datafield>
  <datafield tag="084" ind1=" " ind2=" ">
   <subfield code="a">MG 24370</subfield>
   <subfield code="2">rvk</subfield>
   <subfield code="0">(DE-625)rvk/122827:12120</subfield>
  </datafield>
  <datafield tag="084" ind1=" " ind2=" ">
   <subfield code="a">89.15</subfield>
   <subfield code="2">bkl</subfield>
  </datafield>
  <datafield tag="084" ind1=" " ind2=" ">
   <subfield code="a">15.54</subfield>
   <subfield code="2">bkl</subfield>
  </datafield>
  <datafield tag="100" ind1="1" ind2=" ">
   <subfield code="a">Becker, Klaus J.</subfield>
   <subfield code="d">1963-</subfield>
   <subfield code="0">(DE-588)12467349X</subfield>
   <subfield code="0">(DE-627)575611227</subfield>
   <subfield code="0">(DE-576)177504749</subfield>
   <subfield code="4">aut</subfield>
  </datafield>
  <datafield tag="245" ind1="1" ind2="4">
   <subfield code="a">Die KPD in Rheinland-Pfalz 1946 - 1956</subfield>
   <subfield code="c">von Klaus J. Becker</subfield>
  </datafield>
  <datafield tag="263" ind1=" " ind2=" ">
   <subfield code="a">Gewebe : DM 49.00, sfr 45.60, S 339.50</subfield>
  </datafield>
  <datafield tag="264" ind1=" " ind2="1">
   <subfield code="a">Mainz</subfield>
   <subfield code="b">v. Hase und Koehler</subfield>
   <subfield code="c">2001</subfield>
  </datafield>
  <datafield tag="300" ind1=" " ind2=" ">
   <subfield code="a">XII, 583 S</subfield>
   <subfield code="b">Kt</subfield>
   <subfield code="c">24 cm</subfield>
  </datafield>
  <datafield tag="336" ind1=" " ind2=" ">
   <subfield code="a">Text</subfield>
   <subfield code="b">txt</subfield>
   <subfield code="2">rdacontent</subfield>
  </datafield>
  <datafield tag="337" ind1=" " ind2=" ">
   <subfield code="a">ohne Hilfsmittel zu benutzen</subfield>
   <subfield code="b">n</subfield>
   <subfield code="2">rdamedia</subfield>
  </datafield>
  <datafield tag="338" ind1=" " ind2=" ">
   <subfield code="a">Band</subfield>
   <subfield code="b">nc</subfield>
   <subfield code="2">rdacarrier</subfield>
  </datafield>
  <datafield tag="490" ind1="1" ind2=" ">
   <subfield code="a">Veröffentlichungen der Kommission des Landtages für die Geschichte des Landes Rheinland-Pfalz</subfield>
   <subfield code="v">Bd. 22</subfield>
  </datafield>
  <datafield tag="502" ind1=" " ind2=" ">
   <subfield code="a">Zugl.: Mannheim, Univ., Diss., 1999</subfield>
  </datafield>
  <datafield tag="546" ind1=" " ind2=" ">
   <subfield code="a">Deutsch</subfield>
  </datafield>
  <datafield tag="583" ind1="1" ind2=" ">
   <subfield code="a">Archivierung/Langzeitarchivierung gewährleistet</subfield>
   <subfield code="f">SLG</subfield>
   <subfield code="x">XA-DE-BW</subfield>
   <subfield code="z">BfZ</subfield>
   <subfield code="2">pdager</subfield>
   <subfield code="5">DE-24</subfield>
  </datafield>
  <datafield tag="583" ind1="1" ind2=" ">
   <subfield code="a">Archivierung/Langzeitarchivierung gewährleistet</subfield>
   <subfield code="f">DISS</subfield>
   <subfield code="x">XA-DE-BW</subfield>
   <subfield code="2">pdager</subfield>
   <subfield code="5">DE-180</subfield>
  </datafield>
  <datafield tag="583" ind1="1" ind2=" ">
   <subfield code="a">Archivierung prüfen</subfield>
   <subfield code="c">20240324</subfield>
   <subfield code="f">DE-4165</subfield>
   <subfield code="z">1</subfield>
   <subfield code="2">pdager</subfield>
  </datafield>
  <datafield tag="610" ind1="1" ind2="0">
   <subfield code="a">Kommunistische Partei Deutschlands</subfield>
   <subfield code="x">History</subfield>
   <subfield code="y">20th century</subfield>
  </datafield>
  <datafield tag="650" ind1=" " ind2="0">
   <subfield code="a">Communists</subfield>
   <subfield code="z">Germany</subfield>
   <subfield code="z">Rhineland-Palatinate</subfield>
   <subfield code="x">History</subfield>
   <subfield code="y">20th century</subfield>
  </datafield>
  <datafield tag="650" ind1=" " ind2="0">
   <subfield code="a">Communism</subfield>
   <subfield code="z">Germany</subfield>
   <subfield code="z">Rhineland-Palatinate</subfield>
   <subfield code="x">History</subfield>
   <subfield code="y">20th century</subfield>
  </datafield>
  <datafield tag="650" ind1=" " ind2="4">
   <subfield code="a">Geschichte</subfield>
  </datafield>
  <datafield tag="651" ind1=" " ind2="4">
   <subfield code="a">Deutschland (Bundesrepublik)</subfield>
  </datafield>
  <datafield tag="655" ind1=" " ind2="7">
   <subfield code="a">Hochschulschrift</subfield>
   <subfield code="0">(DE-588)4113937-9</subfield>
   <subfield code="0">(DE-627)105825778</subfield>
   <subfield code="0">(DE-576)209480580</subfield>
   <subfield code="2">gnd-content</subfield>
  </datafield>
  <datafield tag="689" ind1="0" ind2="0">
   <subfield code="d">g</subfield>
   <subfield code="0">(DE-588)4049795-1</subfield>
   <subfield code="0">(DE-627)106185543</subfield>
   <subfield code="0">(DE-576)209083689</subfield>
   <subfield code="a">Rheinland-Pfalz</subfield>
   <subfield code="2">gnd</subfield>
  </datafield>
  <datafield tag="689" ind1="0" ind2="1">
   <subfield code="d">b</subfield>
   <subfield code="0">(DE-588)2016052-5</subfield>
   <subfield code="0">(DE-627)10188785X</subfield>
   <subfield code="0">(DE-576)191699756</subfield>
   <subfield code="a">Kommunistische Partei Deutschlands</subfield>
   <subfield code="g">Deutsches Reich</subfield>
   <subfield code="2">gnd</subfield>
  </datafield>
  <datafield tag="689" ind1="0" ind2="2">
   <subfield code="a">z</subfield>
   <subfield code="2">gnd</subfield>
   <subfield code="a">Geschichte 1946-1956</subfield>
  </datafield>
  <datafield tag="689" ind1="0" ind2=" ">
   <subfield code="5">DE-101</subfield>
  </datafield>
  <datafield tag="710" ind1="2" ind2=" ">
   <subfield code="a">Rheinland-Pfalz</subfield>
   <subfield code="b">Kommission für die Geschichte des Landes Rheinland-Pfalz</subfield>
   <subfield code="0">(DE-588)2048256-5</subfield>
   <subfield code="0">(DE-627)102968349</subfield>
   <subfield code="0">(DE-576)191967319</subfield>
   <subfield code="4">oth</subfield>
  </datafield>
  <datafield tag="710" ind1="2" ind2=" ">
   <subfield code="a">Landesarchivverwaltung Rheinland-Pfalz</subfield>
   <subfield code="0">(DE-588)2029741-5</subfield>
   <subfield code="0">(DE-627)102341192</subfield>
   <subfield code="0">(DE-576)191814547</subfield>
   <subfield code="4">oth</subfield>
  </datafield>
  <datafield tag="751" ind1=" " ind2=" ">
   <subfield code="a">Mannheim</subfield>
   <subfield code="0">(DE-588)4037372-1</subfield>
   <subfield code="0">(DE-627)106237896</subfield>
   <subfield code="0">(DE-576)209023783</subfield>
   <subfield code="4">uvp</subfield>
  </datafield>
  <datafield tag="787" ind1="0" ind2="8">
   <subfield code="i">Rezensiert in</subfield>
   <subfield code="a">Unruh, Frank</subfield>
   <subfield code="t">[Rezension von: Becker, Klaus J., Die KPD in Rheinland-Pfalz 1946-1956]</subfield>
   <subfield code="d">2001</subfield>
   <subfield code="w">(DE-627)1700678620</subfield>
  </datafield>
  <datafield tag="810" ind1="2" ind2=" ">
   <subfield code="a">Rheinland-Pfalz</subfield>
   <subfield code="b">Kommission für die Geschichte des Landes Rheinland-Pfalz</subfield>
   <subfield code="t">Veröffentlichungen der Kommission des Landtages für die Geschichte des Landes Rheinland-Pfalz</subfield>
   <subfield code="v">22</subfield>
   <subfield code="9">22</subfield>
   <subfield code="w">(DE-627)130264067</subfield>
   <subfield code="w">(DE-576)006244890</subfield>
   <subfield code="w">(DE-600)558922-8</subfield>
   <subfield code="x">0344-4015</subfield>
   <subfield code="7">am</subfield>
  </datafield>
  <datafield tag="856" ind1="4" ind2="2">
   <subfield code="u">http://digitale-objekte.hbz-nrw.de/webclient/DeliveryManager?pid=2815550&amp;custom_att_2=simple_viewer</subfield>
   <subfield code="x">Verlag</subfield>
   <subfield code="y">Die KPD in Rheinland-Pfalz</subfield>
   <subfield code="3">Inhaltsverzeichnis</subfield>
  </datafield>
  <datafield tag="935" ind1=" " ind2=" ">
   <subfield code="i">Blocktest</subfield>
  </datafield>
  <datafield tag="936" ind1="r" ind2="v">
   <subfield code="a">NK 6815</subfield>
   <subfield code="b">Kommunistische Parteien</subfield>
   <subfield code="k">Geschichte</subfield>
   <subfield code="k">Weltgeschichte, Darstellungen Allgemeine Geschichte einzelner Staaten und Völker Teilgebiete der Geschichte, Sammelwerke</subfield>
   <subfield code="k">Teilgebiete der Geschichte</subfield>
   <subfield code="k">Geschichte der politischen und sozialen Ideen und Bewegungen und der politischen Parteien</subfield>
   <subfield code="k">Parteiengeschichte von Sozialismus und Kommunismus</subfield>
   <subfield code="k">Kommunistische Parteien</subfield>
   <subfield code="0">(DE-627)1271458004</subfield>
   <subfield code="0">(DE-625)rvk/126139:</subfield>
   <subfield code="0">(DE-576)201458004</subfield>
  </datafield>
  <datafield tag="936" ind1="r" ind2="v">
   <subfield code="a">NR 2150</subfield>
   <subfield code="b">Einzelbeiträge</subfield>
   <subfield code="k">Geschichte</subfield>
   <subfield code="k">Landes- und Stadtgeschichte (Allgemeine, Deutsche und Österreichische Landes- und Stadtgeschichte, Ausländische Stadtgeschichte, Geschichte der Auslanddeutschen)</subfield>
   <subfield code="k">Deutsche Landesgeschichte im Einzelnen (einschl. ehemaliger deutscher Gebiete)</subfield>
   <subfield code="k">Rheinland-Pfalz</subfield>
   <subfield code="k">Einzelbeiträge</subfield>
   <subfield code="0">(DE-627)1271473437</subfield>
   <subfield code="0">(DE-625)rvk/129189:</subfield>
   <subfield code="0">(DE-576)201473437</subfield>
  </datafield>
  <datafield tag="936" ind1="r" ind2="v">
   <subfield code="a">MG 24370</subfield>
   <subfield code="b">Geschichte, Struktur, Probleme</subfield>
   <subfield code="k">Politologie</subfield>
   <subfield code="k">Politische Systeme einzelner Länder</subfield>
   <subfield code="k">Europa, Nordamerika</subfield>
   <subfield code="k">Westeuropa, Mitteleuropa</subfield>
   <subfield code="k">Bundesrepublik Deutschland</subfield>
   <subfield code="k">Rheinland-Pfalz</subfield>
   <subfield code="k">Parteien und politische Bewegungen</subfield>
   <subfield code="k">Mehrere Parteien, Parteiensysteme</subfield>
   <subfield code="k">Kommunistische Parteien, Linksparteien, Linksradikalismus</subfield>
   <subfield code="k">Geschichte, Struktur, Probleme</subfield>
   <subfield code="0">(DE-627)1274990939</subfield>
   <subfield code="0">(DE-625)rvk/122827:12120</subfield>
   <subfield code="0">(DE-576)204990939</subfield>
  </datafield>
  <datafield tag="936" ind1="b" ind2="k">
   <subfield code="a">89.15</subfield>
   <subfield code="j">Kommunismus</subfield>
   <subfield code="x">Politologie</subfield>
   <subfield code="0">(DE-627)106418025</subfield>
  </datafield>
  <datafield tag="936" ind1="b" ind2="k">
   <subfield code="a">15.54</subfield>
   <subfield code="j">Rheinland-Pfalz</subfield>
   <subfield code="j">Saarland</subfield>
   <subfield code="x">Geschichte</subfield>
   <subfield code="0">(DE-627)181571609</subfield>
  </datafield>
  <datafield tag="951" ind1=" " ind2=" ">
   <subfield code="a">BO</subfield>
  </datafield>
  <datafield tag="990" ind1=" " ind2=" ">
   <subfield code="a">Rheinland-Pfalz</subfield>
  </datafield>
  <datafield tag="990" ind1=" " ind2=" ">
   <subfield code="a">Kommunistische Partei Deutschlands</subfield>
  </datafield>
  <datafield tag="990" ind1=" " ind2=" ">
   <subfield code="a">Geschichte 1946-1956</subfield>
  </datafield>
  <datafield tag="991" ind1=" " ind2=" ">
   <subfield code="a">Rezensiertes Werk</subfield>
  </datafield>
  <datafield tag="999" ind1=" " ind2=" ">
   <subfield code="a">KXP-PPN326156070</subfield>
   <subfield code="e">4581956757</subfield>
  </datafield>
 </record>
</collection>
